Capital Of ____ #2 - Statistics

General Stats
  • This quiz has been taken 21 times
  • The average score is 20 of 24
Answer Stats
Hint Answer % Correct
Bucharest Romania
100%
Havana Cuba
95%
Quito Ecuador
95%
Helsinki Finland
95%
Dublin Ireland
95%
Kingston Jamaica
95%
Nairobi Kenya
95%
Lima Peru
95%
Sofia Bulgaria
90%
Tbilisi Georgia
90%
Ulaanbaatar Mongolia
90%
Kathmandu Nepal
90%
Montevideo Uruguay
90%
Hanoi Vietnam
90%
Riga Latvia
85%
Yerevan Armenia
75%
Tegucigalpa Honduras
75%
Juba South Sudan
75%
Thimphu Bhutan
70%
Podgorica Montenegro
70%
Harare Zimbabwe
70%
Roseau Dominica
55%
Asmara Eritrea
55%
Dodoma Tanzania
55%
No matching quizzes found
Score Distribution
Percent of People with Each Score
Percentile by Number Answered
Your Score History
You have not taken this quiz